|
|
|
|
| LEADER |
00000cam a22000002c 4500 |
| 001 |
219262489 |
| 003 |
DE-627 |
| 005 |
20250119035155.0 |
| 007 |
tu |
| 008 |
961129s1946 xxu||||| 00| ||eng c |
| 010 |
|
|
|a 46007493
|
| 035 |
|
|
|a (DE-627)219262489
|
| 035 |
|
|
|a (DE-576)9219262487
|
| 035 |
|
|
|a (DE-599)GBV219262489
|
| 035 |
|
|
|a (OCoLC)251437457
|
| 040 |
|
|
|a DE-627
|b ger
|c DE-627
|e rakwb
|
| 041 |
|
|
|a eng
|
| 044 |
|
|
|c XD-US
|c XA-GB
|
| 050 |
|
0 |
|a K5029
|
| 084 |
|
|
|a 2,1
|2 ssgn
|
| 100 |
1 |
|
|8 1\p
|a Mannheim, Hermann
|d 1889-1974
|0 (DE-588)118781588
|0 (DE-627)079559379
|0 (DE-576)162120087
|4 aut
|
| 109 |
|
|
|a Mannheim, Hermann 1889-1974
|
| 245 |
1 |
0 |
|a Criminal justice and social reconstruction
|c by Hermann Mannheim
|
| 264 |
|
1 |
|a London [u.a.]
|b Kegan
|c 1946
|
| 300 |
|
|
|a X, 290 S
|
| 336 |
|
|
|a Text
|b txt
|2 rdacontent
|
| 337 |
|
|
|a ohne Hilfsmittel zu benutzen
|b n
|2 rdamedia
|
| 338 |
|
|
|a Band
|b nc
|2 rdacarrier
|
| 490 |
0 |
|
|a International library of sociology and social reconstruction
|
| 500 |
|
|
|a Literaturverz. S. 272 - 280
|
| 583 |
1 |
|
|a Archivierung prüfen
|c 20240324
|f DE-4165
|z 2
|2 pdager
|
| 650 |
|
0 |
|a Criminal Law
|
| 650 |
|
0 |
|a Criminal justice, Administration of
|
| 650 |
|
4 |
|a Strafrechtspflege
|7 (dpeaa)DE-2619
|
| 650 |
|
4 |
|a Kriminalpolitik
|7 (dpeaa)DE-2619
|
| 650 |
|
4 |
|a Tötungsdelikt
|7 (dpeaa)DE-2619
|
| 650 |
|
4 |
|a Sexualdelikt
|7 (dpeaa)DE-2619
|
| 650 |
|
4 |
|a Wirtschaftskriminalität
|7 (dpeaa)DE-2619
|
| 883 |
|
|
|8 1\p
|a cgwrk
|d 20241001
|q DE-101
|u https://d-nb.info/provenance/plan#cgwrk
|
| 935 |
|
|
|a mkri
|
| 951 |
|
|
|a BO
|
| ELC |
|
|
|b 1
|
| LOK |
|
|
|0 000 xxxxxcx a22 zn 4500
|
| LOK |
|
|
|0 001 4196264298
|
| LOK |
|
|
|0 003 DE-627
|
| LOK |
|
|
|0 004 219262489
|
| LOK |
|
|
|0 005 20221011150649
|
| LOK |
|
|
|0 008 221011||||||||||||||||ger|||||||
|
| LOK |
|
|
|0 035
|a (DE-2619)k01882
|
| LOK |
|
|
|0 040
|a DE-2619
|c DE-627
|d DE-2619
|
| LOK |
|
|
|0 092
|o n
|
| LOK |
|
|
|0 541
|e Bestand Albert-Krebs-Bibliothek: 1997-753
|
| LOK |
|
|
|0 852
|a DE-2619
|
| LOK |
|
|
|0 852 1
|c LD.00.004
|m p
|9 00
|
| LOK |
|
|
|0 935
|a kreb
|
| LOK |
|
|
|0 938
|k p
|
| LOK |
|
|
|0 939
|a 11-10-22
|b l01
|
| ORI |
|
|
|a SA-MARC-krimdoka001.raw
|